PDCO : Postdata Colombia : ocho perfiles en un país conectado /

Bibliographic Details
Main Author: Arango Lozano, Carlos Andrés (Author)
Other Authors: Obando, Angelita (Illustrator)
Format: Electronic eBook
Language:Spanish
Published: Bogotá : Fundación Universidad de Bogotá Jorge Tadeo Lozano : Dentsu Aegis Network, [2020]
Edition:Primera edición.
Subjects:
Online Access:Digitalia Hispánica

MARC

LEADER 00000nam a2200000Ii 4500
001 DIGEJTLOZ217
003 NyNyDIG
006 m o d
007 cr |||||||||||
008 250204s2020 ck a ob 000 0 spa d
035 |a (OCoLC)1500527820 
040 |a DGITA  |b eng  |e rda  |e pn  |c DGITA 
020 |a 9789587252927  |q (digital ePub) 
020 |a 9789587252910  |q (digital pdf) 
020 |z 9789587252903  |q (impreso) 
043 |a s-ck--- 
050 1 4 |a HF5415.33.C7 ebook 
100 1 |a Arango Lozano, Carlos Andrés,  |e author. 
245 1 0 |a PDCO :  |b Postdata Colombia : ocho perfiles en un país conectado /  |c autores, Carlos Andres Arango Lozano [and 3 others] ; ilustraciones de Angelita Obando. 
246 3 0 |a Postdata Colombia :  |b ocho perfiles en un país conectado 
250 |a Primera edición. 
264 1 |a Bogotá :  |b Fundación Universidad de Bogotá Jorge Tadeo Lozano :  |b Dentsu Aegis Network,  |c [2020] 
300 |a 1 online resource :  |b illustrations (some color) 
336 |a text  |b txt  |2 rdacontent 
337 |a computer  |b c  |2 rdamedia 
338 |a online resource  |b cr  |2 rdacarrier 
347 |a text file  |2 rdaft 
347 |b PDF 
504 |a Includes bibliographical references. 
588 0 |a Online resource; title from PDF title page (Digitalia, viewed February 4, 2025) 
650 0 |a Consumer behavior  |z Colombia. 
650 0 |a Marketing research  |z Colombia. 
650 0 |a Mass media  |z Colombia. 
650 0 |a Social networks  |z Colombia. 
700 1 |a Obando, Angelita,  |e illustrator. 
791 2 |a Digitalia (Firm),  |e distributor. 
793 0 |g Digitalia eBook Collection:  |a Editorial Jorge Tadeo Lozano 
776 0 8 |i Print version:  |a Arango Lozano, Carlos Andrés.  |t PDCO.  |d Bogotá : Fundación Universidad de Bogotá Jorge Tadeo Lozano : Dentsu Aegis Network, [2020]  |z 9789587252903 
856 4 0 |3 Digitalia Hispánica  |u https://www.digitaliapublishing.com/a/170602/ 
910 |a Premium collection: 2025